Zgadnij prawidłowe flagi dla Geomexa - Statystyki

Ogólne statystyki
  • Ten quiz został rozwiązany 37 razy
  • Średni wynik to 8 z 14
Statystyki odpowiedzi
Obrazkowy Odpowiedź % Poprawnych
prawda, niemcy
100%
prawda, kenia
96%
fałsz
71%
fałsz
71%
fałsz
63%
fałsz
58%
prawda, zambia
54%
fałsz
50%
prawda, indie
50%
fałsz
42%
prawda, eswatini
42%
fałsz
38%
fałsz
33%
Prawda, turkmenistan
25%
Nie znaleziono quizów pasujących do podanych kryteriów
Rozkład punktacji
Procent ludzi z każdym wynikiem
Percentyl według liczby udzielonych odpowiedzi
Twoja historia wyników
Nie rozwiązałeś tego quizu